| 000 | 01455cam a2200361 a 4500 | ||
|---|---|---|---|
| 001 | EDZ0000077546 | ||
| 003 | StDuBDS | ||
| 005 | 20161031105213.0 | ||
| 006 | m||||||||d|||||||| | ||
| 007 | cr ||||||||||| | ||
| 008 | 120418s2008 caua fo| 001|0|eng d | ||
| 020 |
_a9781446212158 (ebook) : _cNo price |
||
| 040 |
_aStDuBDS _beng _cStDuBDS _epn |
||
| 049 | _aAlfaisal Main Library | ||
| 050 | 0 |
_aLB14.7 _b.L42 2008 |
|
| 082 | 0 | 4 |
_a371.10201 _223 |
| 100 | 1 | _aLeach, Jenny. | |
| 245 | 1 | 4 |
_aThe power of pedagogy _h[electronic resource] / _cJenny Leach & Bob Moon. |
| 260 |
_aLos Angeles, [Calif.] ; _aLondon : _bSAGE, _cc2008. |
||
| 300 |
_a1 online resource (xii, 212 p.) : _bill. |
||
| 504 | _aIncludes bibliographical references and index. | ||
| 520 | 8 | _aThe authors investigate the current issues facing pedagogy setting out contemporary ideas & theories, exploring antecedents & interrelationships, & locating them in a wide range of historic & current examples of pedagogic contexts & practices. | |
| 521 | _aSpecialized. | ||
| 588 | _aDescription based on print version record. | ||
| 650 | 0 |
_aEducation _xAims and objectives. |
|
| 650 | 0 |
_aTeaching _xPhilosophy. |
|
| 655 | 7 |
_aElectronic books. _2local |
|
| 700 | 1 |
_aMoon, Bob, _d1945- |
|
| 710 | 2 | _aSage eBooks | |
| 776 | 0 | 8 |
_iPrint version : _z9781412907231 |
| 856 | 4 | 0 | _uhttp://ezproxy.alfaisal.edu/login?url=http://sk.sagepub.com/books/the-power-of-pedagogy |
| 942 |
_2lcc _cEBOOKS |
||
| 999 |
_c481629 _d481629 |
||